000 00491pab a2200169 454500
008 180718b1995 xxu||||| |||| 00| 0 eng d
100 _aChopra, Radhika
245 _aMaps of Experience
_bnarratives of migration in an Indian village.
260 _c1995
300 _ap.3156-3162
362 _a9 Dec
650 _aMigrant labour - India
650 _aMigrant agricultural labourers - India
650 _aPopulation migration
773 _aEconomic and Political Weekly
909 _a30125
999 _c30125
_d30125